000 00546nam a2200181Ia 4500
003 GCL
008 140319s9999 xx 000 0 ara d
040 _aGCL /
_cGCL
082 0 4 _a811.009
_bص ن
100 1 _aصلاح عبدالحافظ
245 1 0 _aنقد النص : منهج فى نقد القصيدة العربية /
_cصلاح عبدالحافظ
260 _a[S.N] :
_bدار المعارف ،
_c1993
300 _a126 ص
490 _a
650 0 4 _aالشعر العربى
650 0 4 _aالادب العربى
942 _2ddc
_cBK
999 _c55780
_d55780